• 首页
  • 本馆介绍
  • 公告通知
  • 最新文献
  • 馆藏检索
  • 电子资源
  • 读者导购
  • 参考咨询
  • 我的图书馆
  • 登录
  • 详细信息显示
  • 放入我的书架
  • 预约/预借图书
  • 作者相关作品
  • 分类相关作品
  • 丛书相关作品
  • 出版社相关作品

书目信息

  • 表格格式
  • 工作单格式
  • 卡片格式
题名:
李白诗选译
    
 
作者: 李白 著 ;复旦大学中文系古典文学教研组 选注
分册:  
出版信息: 北京   人民文学出版社  1977
页数: 279页
开本: 19cm
丛书名:
单 册:
中图分类: I222.742 , I211
科图分类:
主题词: 唐诗--中国--选集 , 文学--作品集--中国
电子资源:
ISBN:
000 00807nam0 2200265 450
001 1539143502
005 20150125105322.82
010    @dCNY2.80
091    @a10019.1629
100    @a19951009d1977 em y0chiy0110 ea
101 0  @achi
102    @aCN@b110000
105    @ay z 000gy
200 1  @a李白诗选译@Ali bai shi xuan yi@9li bai shi xuan@f(唐)李白著@g复旦大学中文系古典文学教研组选注
205    @a2版
210    @a北京@c人民文学出版社@d1977
215    @a279页@d19cm
606 0  @a唐诗@y中国@x选集
606 0  @a文学@x作品集@x中国
690    @aI222.742@v5
690    @aI211@v4
701  0 @c(唐)@a李白@9li bai@f(701~762)@4著
712 02 @a复旦大学中文系古典文学教研组@9fu dan da xue zhong wen xi gu dian wen xue jiao yan zu@4选注
801  0 @aCN@bTSSF@c20150125
905    @aZUCC@dI211@eJY121
    
    李白诗选译/(唐)李白著/复旦大学中文系古典文学教研组选注.-2版.-北京:人民文学出版社,1977
    279页;19cm
    
    
    ISBN :CNY2.80
    
●
相关链接 在E读中查询图书 在五车中查询图书 在当当中查询图书 在豆瓣中查询图书


正题名:李白诗选译     索取号:I211/JY121         预约/预借

序号 登录号 条形码 馆藏地/架位号 状态 备注
1 7853833   278538334   学院路分馆/ [索取号:I211/JY121] 在馆    
欢迎您!
大连网信软件有限公司© 版权所有